000 00269nam a2200109Ia 4500
008 231219s9999 xx 000 0 und d
041 _aeng
100 _aGautham
245 _aTecheal Entrepreneurship
260 _bGlobal Business Press Delhi95
650 _aManagement
999 _c976846
_d976846